000 00620nam a22002291 4500
001 16965
003 BD-RjUL
005 20211209000054.0
008 140215s1944 nyu 000 1 eng
035 _a(BD-RjUL)17021
040 _aDLC
_cWa
_dBD-RjUL
_beng
041 _aeng
082 0 4 _221
_a813.6
_bBIT 1944
100 1 _aBinns, Archie
_d1899-
_952348
245 1 4 _aThe timber beast /
_cArchie Binns.
260 _aNew York :
_bC. Scribner's sons,
_cc1944.
300 _a345 p. ;
_c20 cm.
650 _aLogging -- Fiction.
_952349
942 _2ddc
_cBK
999 _c16965
_d16965